[Event "Chigorin Memorial"]
[Site "St Petersburg"]
[Date "2016.10.17"]
[Round "3.120"]
[White "Ismagilov, Damir"]
[Black "Yeritsyan, Hayk"]
[Result "1-0"]
[WhiteElo "1927"]
[BlackElo "2191"]
[PlyCount "71"]
[EventDate "2016.10.15"]
[EventType "swiss"]
[EventRounds "9"]
[EventCountry "RUS"]

1. d4 Nf6 2. Nf3 g6 3. Bg5 Bg7 4. Nbd2 O-O 5. e4 d6 6. c3 c5 7. Bc4 Nc6 8. dxc5
dxc5 9. O-O Qc7 10. Qe2 Ng4 11. Bb3 Rd8 12. h3 Nge5 13. Nxe5 Nxe5 14. Nc4 Nxc4
15. Bxc4 h6 16. Bh4 b6 17. Bg3 Be5 18. f4 Bg7 19. Bh2 Qc6 20. Bd5 Rxd5 21. exd5
Qxd5 22. Rad1 Qc6 23. Rd8+ Kh7 24. Qf3 Qc7 25. Rd2 Bb7 26. f5 Qc8 27. fxg6+
fxg6 28. Qe3 Qc6 29. Be5 Qe6 30. Bf4 Qc6 31. Re1 Rd8 32. Rf2 e5 33. Bxe5 Re8
34. Qg3 c4 35. Rf7 Qc5+ 36. Bd4 1-0

[Event "Chigorin Memorial"]
[Site "St Petersburg"]
[Date "2016.10.17"]
[Round "3.121"]
[White "Konaplev, Anton"]
[Black "Tskhadadze, Anna"]
[Result "1/2-1/2"]
[WhiteElo "2185"]
[BlackElo "1955"]
[PlyCount "93"]
[EventDate "2016.10.15"]
[EventType "swiss"]
[EventRounds "9"]
[EventCountry "RUS"]

1. d4 d5 2. c4 e6 3. Nc3 Be7 4. cxd5 exd5 5. Bf4 Nf6 6. e3 c6 7. Bd3 O-O 8. Qc2
h6 9. Nge2 Re8 10. Bg3 Nbd7 11. f3 Nf8 12. O-O Bd6 13. Bf2 Qc7 14. g3 Ne6 15.
Kh1 Ng5 16. Ng1 a6 17. Rfe1 Bd7 18. Bf5 Bxf5 19. Qxf5 Qc8 20. Qxc8 Raxc8 21.
Rad1 Re7 22. Kg2 Rce8 23. Nge2 Nd7 24. Nc1 f5 25. Nd3 Nb6 26. b3 a5 27. a4 Nd7
28. Re2 Ne6 29. Rc2 Nc7 30. Rb1 Na6 31. Nd1 Nb4 32. Nxb4 Bxb4 33. Nb2 Nb6 34.
Nd3 Bd6 35. Kf1 g5 36. f4 g4 37. Ne5 Nd7 38. Be1 Ra8 39. b4 axb4 40. Bxb4 Bxb4
41. Rxb4 Nf6 42. Rcb2 Ra7 43. a5 Rxa5 44. Rxb7 Rxb7 45. Rxb7 Ra1+ 46. Kg2 Ra2+
47. Kg1 1/2-1/2

[Event "Chigorin Memorial"]
[Site "St Petersburg"]
[Date "2016.10.17"]
[Round "3.122"]
[White "Yakimenko, Viktoria"]
[Black "Dushin, Nikolay"]
[Result "1/2-1/2"]
[WhiteElo "2160"]
[BlackElo "1948"]
[PlyCount "82"]
[EventDate "2016.10.15"]
[EventType "swiss"]
[EventRounds "9"]
[EventCountry "RUS"]

1. e4 c5 2. Nf3 a6 3. d4 cxd4 4. Nxd4 Nf6 5. Bd3 e5 6. Nb3 d5 7. exd5 Qxd5 8.
O-O Nc6 9. Bg5 Be7 10. c4 Qd8 11. Nc3 Bg4 12. Qb1 h6 13. Bh4 O-O 14. Re1 Nd7
15. Bg3 Bb4 16. Qc1 Rc8 17. a3 Bxc3 18. Qxc3 Re8 19. f3 Be6 20. Rad1 Qc7 21.
Na1 f6 22. b3 Ne7 23. Qb2 Nc5 24. Bc2 Bf5 25. Qb1 Bxc2 26. Nxc2 Ne6 27. Ne3
Red8 28. Qa2 Rxd1 29. Rxd1 Rd8 30. Rxd8+ Qxd8 31. b4 Qd4 32. Bf2 Kf8 33. Qb1
Nf4 34. Qd1 Qb2 35. Nc2 Qc3 36. Bc5 Ne6 37. Bxe7+ Kxe7 38. c5 Nd4 39. Nxd4 exd4
40. Qe2+ Kf8 41. Qe6 d3 1/2-1/2

[Event "Chigorin Memorial"]
[Site "St Petersburg"]
[Date "2016.10.17"]
[Round "3.124"]
[White "Shurunov, Andrei"]
[Black "Shmoilov, Dmitry"]
[Result "1-0"]
[WhiteElo "2158"]
[BlackElo "1916"]
[PlyCount "89"]
[EventDate "2016.10.15"]
[EventType "swiss"]
[EventRounds "9"]
[EventCountry "RUS"]

1. d4 Nf6 2. c4 c5 3. Nf3 cxd4 4. Nxd4 b6 5. f3 e6 6. e4 d6 7. Nc3 Be7 8. Be2
O-O 9. O-O Bb7 10. Be3 a6 11. a3 Nbd7 12. Rc1 Rc8 13. b4 Qc7 14. Qb3 Qb8 15.
Rfd1 Rfe8 16. Bf2 Bd8 17. Rc2 Bc7 18. g3 Kh8 19. Rcd2 Rg8 20. Nc2 g5 21. Ne3
Rg6 22. Qb1 Rcg8 23. g4 d5 24. exd5 Bxh2+ 25. Kg2 Nf8 26. Bd3 Rh6 27. Rh1 Ng6
28. Bxg6 Rgxg6 29. Qd1 Qe5 30. dxe6 fxe6 31. Rd8+ Rg8 32. Rxg8+ Kxg8 33. Nf1
Nxg4 34. Qd8+ Kf7 35. Qd7+ Kg6 36. Qxb7 Nxf2 37. Kxf2 Qxc3 38. Qe4+ Kg7 39.
Rxh2 Rg6 40. Qb7+ Kf6 41. Rxh7 Qb2+ 42. Kg1 Qd4+ 43. Kg2 Kf5 44. Rf7+ Rf6 45.
Ng3+ 1-0

[Event "Chigorin Memorial"]
[Site "St Petersburg"]
[Date "2016.10.17"]
[Round "3.125"]
[White "Fokin, Anatoly"]
[Black "Martynyuk, Elizaveta"]
[Result "0-1"]
[WhiteElo "1802"]
[BlackElo "2151"]
[PlyCount "120"]
[EventDate "2016.10.15"]
[EventType "swiss"]
[EventRounds "9"]
[EventCountry "RUS"]

1. d4 d5 2. c4 c6 3. Nc3 Nf6 4. e3 e6 5. Bd3 Nbd7 6. Nf3 dxc4 7. Bxc4 b5 8. Bd3
a6 9. a3 c5 10. O-O Bb7 11. Re1 Bd6 12. e4 cxd4 13. Nxd4 O-O 14. Nf3 Qc7 15.
Bg5 Ng4 16. h3 Nge5 17. Rc1 Nxf3+ 18. Qxf3 f6 19. Be3 Ne5 20. Qe2 Nxd3 21. Qxd3
Qe7 22. b4 Rfd8 23. Qe2 Rac8 24. f3 Be5 25. Nb1 Rxc1 26. Rxc1 Qd6 27. Qa2 Kf7
28. Qf2 Qd3 29. Re1 Qb3 30. Rc1 Rd3 31. f4 Rd1+ 32. Kh2 Rxc1 33. Bxc1 Qxb1 34.
Qd2 Qxe4 35. fxe5 Qxe5+ 36. Kg1 Qd5 37. Qc2 Qd4+ 38. Kh2 Qc4 39. Qd1 Bd5 40.
Be3 Qa2 41. Qh5+ Ke7 42. Bc5+ Kd8 43. Qg4 g5 44. Bd4 Ke7 45. Bc5+ Kf7 46. h4
Kg6 47. hxg5 fxg5 48. Qg3 Qe2 49. Be7 Qd2 50. Kh3 h5 51. Kh2 h4 52. Qg4 e5 53.
Kh3 Qe3+ 54. Kh2 Qf4+ 55. Kh3 Qxg4+ 56. Kxg4 Bxg2 57. Bd6 e4 58. Bc5 Bf3+ 59.
Kh3 Kh5 60. Be3 g4+ 0-1

[Event "Chigorin Memorial"]
[Site "St Petersburg"]
[Date "2016.10.17"]
[Round "3.126"]
[White "Tsao, Yui"]
[Black "Azimov, Ilyas"]
[Result "0-1"]
[WhiteElo "1768"]
[BlackElo "2151"]
[PlyCount "152"]
[EventDate "2016.10.15"]
[EventType "swiss"]
[EventRounds "9"]
[EventCountry "RUS"]

1. b3 e5 2. Bb2 Nc6 3. e3 Nf6 4. d4 exd4 5. exd4 d5 6. Nf3 Bb4+ 7. c3 Bd6 8.
Bd3 Bg4 9. Nbd2 O-O 10. O-O Ne7 11. Qc2 Ng6 12. h3 Bd7 13. Rfe1 Re8 14. Rxe8+
Bxe8 15. Re1 Nf4 16. Bf1 c6 17. Ne5 Nd7 18. g3 Nh5 19. Bd3 Nf8 20. c4 f6 21.
Ng4 Qc7 22. Nf1 Bf7 23. c5 Be7 24. b4 Re8 25. Kg2 Ng6 26. Bc1 Nf8 27. Nfh2 Qd7
28. Bf5 Qc7 29. Nf3 Kh8 30. Bd3 g6 31. Bd2 Bd8 32. Rxe8 Bxe8 33. Bh6 Ne6 34.
Qe2 Qe7 35. Bd2 Bd7 36. Qe3 Bc7 37. Qh6 Be8 38. Be3 Qg7 39. Qxg7+ Kxg7 40. Ngh2
f5 41. Ng5 Nxg5 42. Bxg5 h6 43. Bd2 f4 44. g4 Nf6 45. f3 Nh7 46. Nf1 Nf8 47.
Bc3 Bd8 48. Nd2 Ne6 49. Nb3 Bf6 50. Kf2 Bd7 51. Kg2 Bh4 52. Na5 b6 53. Nb3 b5
54. Na5 h5 55. Nb3 Kh6 56. Na5 Kg5 57. Nb3 Kh6 58. Na5 Bf6 59. Nb3 Ng7 60. Be1
Ne6 61. Bc3 Be8 62. Bc2 Bh4 63. Na5 Nd8 64. Nb3 Kg5 65. Na5 Bg3 66. Bd3 Kh4 67.
a3 Bf7 68. Bc2 Be8 69. Bd3 Ne6 70. Nb7 Ng5 71. Nd6 Bd7 72. Bxg6 hxg4 73. hxg4
Nxf3 74. Kxf3 Bxg4+ 75. Kg2 f3+ 76. Kh1 f2 0-1

[Event "Chigorin Memorial"]
[Site "St Petersburg"]
[Date "2016.10.17"]
[Round "3.127"]
[White "Feduk, Viktor"]
[Black "Shmyrin, Mikhail"]
[Result "1-0"]
[WhiteElo "2150"]
[BlackElo "1871"]
[PlyCount "65"]
[EventDate "2016.10.15"]
[EventType "swiss"]
[EventRounds "9"]
[EventCountry "RUS"]

1. e4 c5 2. c3 g6 3. d4 cxd4 4. cxd4 d5 5. e5 Nc6 6. Nc3 Nh6 7. Bb5 Bg7 8. h3
O-O 9. Nf3 Nf5 10. O-O f6 11. g4 Nh6 12. exf6 exf6 13. Re1 f5 14. g5 Nf7 15.
Qb3 Nxd4 16. Nxd4 Bxd4 17. Nxd5 a6 18. Bc4 b5 19. Ne7+ Kg7 20. Bd5 Ne5 21. Be3
Bxe3 22. Qxe3 Qxe7 23. Bxa8 Re8 24. f4 Qb4 25. fxe5 Be6 26. Bg2 Qh4 27. Rf1 Rf8
28. Qf4 Qh5 29. Rf2 Rd8 30. Kh2 Rd3 31. Bf3 Rxf3 32. Rxf3 Bd5 33. Re3 1-0

[Event "Chigorin Memorial"]
[Site "St Petersburg"]
[Date "2016.10.17"]
[Round "3.128"]
[White "Nasybullina, Alfia"]
[Black "Sokolov, Ilia"]
[Result "1-0"]
[WhiteElo "2149"]
[BlackElo "1762"]
[PlyCount "33"]
[EventDate "2016.10.15"]
[EventType "swiss"]
[EventRounds "9"]
[EventCountry "RUS"]

1. d4 Nf6 2. c4 g6 3. Nc3 Bg7 4. e4 O-O 5. Nf3 c6 6. Bd3 Qc7 7. O-O d6 8. h3 a6
9. Be3 b5 10. cxb5 axb5 11. Rc1 b4 12. Nd5 Nxd5 13. exd5 Qb6 14. dxc6 Nxc6 15.
Be4 Bb7 16. Bxc6 Bxc6 17. d5 1-0

[Event "Chigorin Memorial"]
[Site "St Petersburg"]
[Date "2016.10.17"]
[Round "3.129"]
[White "Stolyarsky, Yegor"]
[Black "Vunder, Andrey"]
[Result "1-0"]
[WhiteElo "1751"]
[BlackElo "2147"]
[PlyCount "107"]
[EventDate "2016.10.15"]
[EventType "swiss"]
[EventRounds "9"]
[EventCountry "RUS"]

1. d4 d5 2. Nf3 Nf6 3. e3 Bf5 4. c4 e6 5. Nc3 c6 6. Nh4 Be4 7. f3 Bg6 8. Nxg6
hxg6 9. Qb3 Qc7 10. e4 dxc4 11. Bxc4 b5 12. Bxb5 cxb5 13. Nxb5 Qb6 14. Bf4 Na6
15. O-O Bb4 16. a3 Qxb5 17. axb4 O-O 18. Ra5 Qb6 19. Qc4 Qxb4 20. Qxb4 Nxb4 21.
Bd6 Nc6 22. Rc5 Nxd4 23. Bxf8 Kxf8 24. Rd1 Rd8 25. Kf2 Rd7 26. e5 Ne8 27. Rc4
Rb7 28. Rcxd4 Rxb2+ 29. R1d2 Rxd2+ 30. Rxd2 Nc7 31. Rd7 Nb5 32. Rb7 a6 33. Rb8+
Ke7 34. Rb7+ Ke8 35. Ke3 Nc3 36. Kd4 Nb5+ 37. Kc5 g5 38. Rb6 g6 39. Rxa6 Nc3
40. Ra3 Nd5 41. Kd6 Kf8 42. Ra8+ Kg7 43. Ra5 Ne3 44. Ra4 Nxg2 45. Ke7 Ne3 46.
Ke8 Nf5 47. Rg4 Nh4 48. f4 Nf3 49. Rg3 Nxh2 50. fxg5 Kg8 51. Ke7 Kg7 52. Re3
Kg8 53. Re4 Nf3 54. Kf6 1-0

[Event "Chigorin Memorial"]
[Site "St Petersburg"]
[Date "2016.10.17"]
[Round "3.130"]
[White "Drogovoz, Irina"]
[Black "Pogorelskikh, Sofia"]
[Result "1-0"]
[WhiteElo "2144"]
[BlackElo "1717"]
[PlyCount "101"]
[EventDate "2016.10.15"]
[EventType "swiss"]
[EventRounds "9"]
[EventCountry "RUS"]

1. d4 Nf6 2. c4 g6 3. Nc3 Bg7 4. Bg5 c5 5. d5 d6 6. e4 O-O 7. Bd3 Qa5 8. Nge2
e6 9. O-O exd5 10. cxd5 Bg4 11. f3 Bd7 12. Qb3 Qc7 13. f4 Na6 14. a4 Nb4 15.
Bc4 Rfe8 16. e5 Ng4 17. e6 fxe6 18. dxe6 Bc6 19. Nb5 Bxb5 20. Bxb5 Qb6 21. Qg3
c4+ 22. Kh1 Ne3 23. Bxe8 Rxe8 24. f5 Nxf5 25. Rxf5 gxf5 26. Bf6 Qc7 27. Nf4 Kh8
28. Nh5 Bxf6 29. Nxf6 Rf8 30. Qc3 Qg7 31. e7 Qxe7 32. Nd5+ Qe5 33. Nxb4 Qxc3
34. bxc3 Re8 35. Rd1 Re3 36. Nd5 Re2 37. h3 Ra2 38. Rb1 Rd2 39. Ne3 Rd3 40.
Nxc4 Rxc3 41. Nxd6 b6 42. Nxf5 Rc5 43. Rf1 Ra5 44. Rf4 b5 45. axb5 Rxb5 46. Kh2
Rb3 47. Rc4 Kg8 48. Rc8+ Kf7 49. Rc7+ Kf6 50. Nd4 Rd3 51. Nf3 1-0

[Event "Chigorin Memorial"]
[Site "St Petersburg"]
[Date "2016.10.17"]
[Round "3.132"]
[White "Ungurs, Edgars"]
[Black "Shkuratov, Vladimir"]
[Result "1-0"]
[WhiteElo "2140"]
[BlackElo "1681"]
[PlyCount "83"]
[EventDate "2016.10.15"]
[EventType "swiss"]
[EventRounds "9"]
[EventCountry "RUS"]

1. c4 e5 2. g3 Nf6 3. Bg2 Nc6 4. Nf3 Bc5 5. O-O O-O 6. Nxe5 Nxe5 7. d4 Bxd4 8.
Qxd4 Nc6 9. Qh4 Re8 10. Nc3 h6 11. b3 d6 12. Bb2 Kh7 13. Qf4 Be6 14. Rac1 a6
15. h3 Qe7 16. Nd1 Nd7 17. Ne3 Nc5 18. Rfd1 Rf8 19. Nd5 Qd7 20. b4 Na4 21. Ba1
Bxd5 22. cxd5 Ne7 23. Qd4 f6 24. Bf3 Nb6 25. Bg4 Qd8 26. Be6 Kh8 27. Rd3 Nd7
28. Rdc3 Rc8 29. R3c2 b6 30. Qg4 Ne5 31. Bxe5 dxe5 32. Bxc8 Qxc8 33. Qxc8 Rxc8
34. d6 Nd5 35. e4 Nxb4 36. Rxc7 Rd8 37. Rc8 Rxc8 38. Rxc8+ Kh7 39. a3 Nd3 40.
d7 Nc5 41. Rxc5 bxc5 42. d8=Q 1-0

[Event "Chigorin Memorial"]
[Site "St Petersburg"]
[Date "2016.10.17"]
[Round "3.134"]
[White "Bondarenko, Dmitry"]
[Black "Melnikov, Dmitry"]
[Result "0-1"]
[WhiteElo "1918"]
[BlackElo "2254"]
[PlyCount "104"]
[EventDate "2016.10.15"]
[EventType "swiss"]
[EventRounds "9"]
[EventCountry "RUS"]

1. d4 f5 2. Bg5 g6 3. e3 Bg7 4. c3 Nf6 5. Bxf6 Bxf6 6. g3 O-O 7. Bg2 c6 8. Qb3+
Kh8 9. Nd2 d6 10. Ne2 e5 11. O-O e4 12. Nf4 Qe7 13. Rfc1 Na6 14. Bf1 Nc7 15.
Qd1 Ne6 16. Nxe6 Bxe6 17. Bc4 d5 18. Bb3 b5 19. a4 a5 20. Ra2 Rfb8 21. Rca1 Qc7
22. Kg2 Kg7 23. Qc2 Kf7 24. Qd1 Kg7 25. Qe2 Qb6 26. Rh1 Bf7 27. h4 h6 28. Rha1
Rh8 29. Rh1 g5 30. hxg5 hxg5 31. Rxh8 Rxh8 32. axb5 cxb5 33. Ra1 a4 34. Bc2
Bxd4 35. Rh1 Rxh1 36. Kxh1 Be5 37. Bd1 f4 38. gxf4 gxf4 39. exf4 Qh6+ 40. Kg1
Qxf4 41. Nf1 Be8 42. Qe3 Bc6 43. Qxf4 Bxf4 44. Ne3 Kf6 45. Kf1 Ke5 46. Bc2 d4
47. cxd4+ Kxd4 48. Ke2 b4 49. Kd2 Bd7 50. Bd1 Bb5 51. Bc2 b3 52. Bd1 Bd3 0-1

[Event "Chigorin Memorial"]
[Site "St Petersburg"]
[Date "2016.10.17"]
[Round "3.135"]
[White "Lepaev, Andrey"]
[Black "Khadzhiev, Valery"]
[Result "1/2-1/2"]
[WhiteElo "1935"]
[BlackElo "2170"]
[PlyCount "243"]
[EventDate "2016.10.15"]
[EventType "swiss"]
[EventRounds "9"]
[EventCountry "RUS"]

1. d4 d5 2. c4 e6 3. Nf3 Nf6 4. g3 Be7 5. Bg2 O-O 6. O-O Nbd7 7. Qc2 c5 8. cxd5
Nxd5 9. Nc3 Nxc3 10. bxc3 Qa5 11. Bf4 Qa6 12. Rfd1 cxd4 13. cxd4 Nb6 14. e4 f6
15. a4 Qc4 16. Qxc4 Nxc4 17. Bf1 Na5 18. Rdb1 g5 19. Bd2 Nc6 20. d5 exd5 21.
exd5 Nd8 22. Nd4 Bc5 23. Nb5 Bf5 24. Rc1 Rc8 25. Rxc5 Rxc5 26. Bb4 Rxb5 27.
axb5 Rf7 28. Rxa7 Rd7 29. b6 Kg7 30. Bg2 Bd3 31. Ra3 Bc4 32. d6 h5 33. Rc3 Bb5
34. Rc5 Bc6 35. f3 Nf7 36. Rc2 Nxd6 37. Kf2 Nf7 38. Bh3 Rd4 39. Ba3 Ne5 40. Bg2
Rd3 41. Bb2 Rb3 42. Bd4 Nd3+ 43. Ke2 Nb4 44. Rc5 Kg6 45. Kf1 g4 46. Rc3 Bb5+
47. Kg1 Rb1+ 48. Kf2 Rb2+ 49. Kg1 Nc2 50. Bc5 Ne1 51. Bf2 Nxg2 52. Kxg2 Bc6 53.
Rc1 Bxf3+ 54. Kg1 Kf5 55. Re1 Be2 56. Ra1 Rc2 57. Ra5+ Ke4 58. Ra4+ Bc4 59. Ra1
Rc3 60. Re1+ Kd5 61. Rd1+ Bd3 62. Ra1 f5 63. Ra5+ Ke4 64. Ra1 Kf3 65. Re1 Be2
66. Ra1 Rb3 67. Bc5 Rb2 68. Re1 f4 69. gxf4 Kxf4 70. Bf2 Bf3 71. Ra1 h4 72. Kf1
Be4 73. Re1 Rc2 74. Ra1 g3 75. hxg3+ hxg3 76. Bd4 Rh2 77. Bg1 Bd3+ 78. Ke1 Re2+
79. Kd1 Rf2 80. Rc1 Ra2 81. Bd4 Ke4 82. Bg1 Rf2 83. Ke1 Rh2 84. Bxh2 gxh2 85.
Kf2 Kd4 86. Kg2 Bc4 87. Kxh2 Kc5 88. Kg3 Kb5 89. Rc2 Bd3 90. Rb2+ Kc6 91. Kf4
Bb5 92. Ke5 Kxb6 93. Kd6 Ka5 94. Kc5 b6+ 95. Kd5 Be8 96. Kd6 Ba4 97. Kd5 Be8
98. Kc4 Bf7+ 99. Kd4 Ka6 100. Ke5 Ka5 101. Kd6 Bc4 102. Kc6 b5 103. Rb1 Ka4
104. Kc5 Ka3 105. Kd4 Bb3 106. Kc3 b4+ 107. Kd4 Bc2 108. Rg1 Kb2 109. Kc4 b3
110. Kb4 Bd3 111. Rg2+ Bc2 112. Rh2 Ka1 113. Rh1+ Kb2 114. Rg1 Bf5 115. Rg2+
Bc2 116. Rg7 Bd1 117. Kc4 Bc2 118. Kd4 Kc1 119. Rg1+ Bd1 120. Kc3 b2 121. Rxd1+
Kxd1 122. Kxb2 1/2-1/2

[Event "Chigorin Memorial"]
[Site "St Petersburg"]
[Date "2016.10.17"]
[Round "3.136"]
[White "Chibukhchyan, Erik"]
[Black "Kopasov, Evgeny"]
[Result "1-0"]
[WhiteElo "2135"]
[BlackElo "1993"]
[PlyCount "119"]
[EventDate "2016.10.15"]
[EventType "swiss"]
[EventRounds "9"]
[EventCountry "RUS"]

1. e4 c5 2. Nf3 d6 3. d4 cxd4 4. Nxd4 Nf6 5. f3 e6 6. c4 Be7 7. Nc3 O-O 8. Be3
Nbd7 9. Be2 d5 10. exd5 exd5 11. O-O Nb6 12. cxd5 Nbxd5 13. Nxd5 Nxd5 14. Bf2
Nf4 15. Bc4 Bc5 16. Ne2 Bxf2+ 17. Rxf2 Be6 18. Nxf4 Bxc4 19. Qxd8 Rfxd8 20. b3
Bb5 21. Rc1 Rdc8 22. Rfc2 Rxc2 23. Rxc2 Bc6 24. Kf2 Kf8 25. Ke3 Re8+ 26. Kd4
Rd8+ 27. Kc5 b6+ 28. Kc4 Rc8 29. Kd4 Bb7 30. Rxc8+ Bxc8 31. Kd5 Ke7 32. Kc6 g5
33. Nd5+ Ke6 34. Nc7+ Ke5 35. Nb5 Ba6 36. Nxa7 Bf1 37. g3 Bg2 38. Kxb6 Bxf3 39.
Kc5 f5 40. b4 f4 41. b5 Bb7 42. Nc6+ Ke4 43. gxf4 gxf4 44. Nd4 h5 45. a4 h4 46.
a5 f3 47. Nxf3 Kxf3 48. a6 Bc8 49. Kc6 h3 50. a7 Bf5 51. Kc7 Be4 52. b6 Kg2 53.
b7 Bxb7 54. Kxb7 Kxh2 55. a8=Q Kg1 56. Qa1+ Kg2 57. Qb2+ Kg1 58. Qc1+ Kg2 59.
Qd2+ Kg1 60. Qe1+ 1-0

[Event "Chigorin Memorial"]
[Site "St Petersburg"]
[Date "2016.10.17"]
[Round "3.137"]
[White "Zaykov, Sergey"]
[Black "Efremov, Vladislav"]
[Result "1-0"]
[WhiteElo "2131"]
[BlackElo "1933"]
[PlyCount "89"]
[EventDate "2016.10.15"]
[EventType "swiss"]
[EventRounds "9"]
[EventCountry "RUS"]

1. e4 c5 2. c3 Nf6 3. d3 d6 4. Nf3 Bg4 5. Be2 Nbd7 6. Nbd2 e5 7. Nc4 g6 8. O-O
Nb6 9. Ne3 Bxf3 10. Bxf3 Bg7 11. b4 cxb4 12. cxb4 O-O 13. Qb3 Qd7 14. Nc4 Nxc4
15. dxc4 b5 16. cxb5 d5 17. a4 dxe4 18. Rd1 Qe6 19. Qxe6 fxe6 20. Be2 Nd5 21.
Bc4 Rfd8 22. Bg5 Rd7 23. Re1 h6 24. Be3 Kf7 25. Bc5 Nf6 26. b6 a6 27. Red1 Nd5
28. a5 Bf8 29. Bxf8 Kxf8 30. b5 axb5 31. Bxb5 Rdd8 32. Bc6 Rab8 33. b7 Nb4 34.
Bxe4 Rxd1+ 35. Rxd1 Ke7 36. Kf1 Na6 37. Bd3 Nb4 38. a6 Nc6 39. Bxg6 Rg8 40. Be4
Na7 41. Ke2 Rf8 42. Rd2 Re8 43. Kd1 Nb5 44. Bc6 Na7 45. Bxe8 1-0

[Event "Chigorin Memorial"]
[Site "St Petersburg"]
[Date "2016.10.17"]
[Round "3.138"]
[White "Nikitinyh, Boris"]
[Black "Vasilyev, Alexey"]
[Result "1-0"]
[WhiteElo "2114"]
[BlackElo "1899"]
[PlyCount "69"]
[EventDate "2016.10.15"]
[EventType "swiss"]
[EventRounds "9"]
[EventCountry "RUS"]

1. e4 e6 2. g3 d5 3. Nc3 d4 4. Nce2 c5 5. d3 Nc6 6. Bg2 g6 7. Nh3 Bg7 8. O-O
Nge7 9. Bg5 h6 10. Bd2 O-O 11. f4 f5 12. Nf2 Rb8 13. h3 b6 14. g4 Bb7 15. Ng3
Qc7 16. Qe2 Rbe8 17. Rae1 e5 18. exf5 exf4 19. Nfe4 Be5 20. Nh1 gxf5 21. gxf5
Rxf5 22. Nhg3 Rf7 23. Nh5 Nd5 24. Qg4+ Kh7 25. Ng5+ hxg5 26. Bxd5 Bc8 27. Qf3
g4 28. hxg4 Rg8 29. Qh1 Rxg4+ 30. Kf2 Kg8 31. Bxc6 f3 32. Bxf3 Bg3+ 33. Nxg3
Qxg3+ 34. Ke2 Rh7 35. Bd5+ 1-0

[Event "Chigorin Memorial"]
[Site "St Petersburg"]
[Date "2016.10.17"]
[Round "3.139"]
[White "Enkhbat, Tsendragchaa"]
[Black "Rubtsov, Aleksandr"]
[Result "1/2-1/2"]
[WhiteElo "2113"]
[BlackElo "1844"]
[PlyCount "81"]
[EventDate "2016.10.15"]
[EventType "swiss"]
[EventRounds "9"]
[EventCountry "RUS"]

1. e4 c5 2. Nf3 d6 3. d4 cxd4 4. Nxd4 Nf6 5. Nc3 a6 6. Be2 e6 7. O-O Nc6 8. Be3
Bd7 9. f4 Be7 10. a4 O-O 11. Nb3 Qc7 12. a5 Rac8 13. Bf3 Qb8 14. g4 Bd8 15. Qe2
Bc7 16. Bg2 d5 17. e5 Nxe5 18. fxe5 Bxe5 19. h3 Bxc3 20. bxc3 Bb5 21. Qd2 Bxf1
22. Rxf1 Nd7 23. Bf4 Qa7+ 24. Kh1 b5 25. Bd6 Rfd8 26. g5 Nb8 27. Bb4 Rc4 28.
Qe1 Nc6 29. Nd2 Nxb4 30. Nxc4 Nxc2 31. Qd2 bxc4 32. Qxc2 Qc7 33. Qf2 Rb8 34. h4
Rb5 35. Bh3 Qe7 36. Qf4 g6 37. Qe5 Qb7 38. Qd6 Rb1 39. Qd8+ Kg7 40. Qf6+ Kg8
41. Qd8+ 1/2-1/2

[Event "Chigorin Memorial"]
[Site "St Petersburg"]
[Date "2016.10.17"]
[Round "3.140"]
[White "Alekseev, Mikhail"]
[Black "Peev, Kosta"]
[Result "1-0"]
[WhiteElo "1878"]
[BlackElo "2108"]
[PlyCount "85"]
[EventDate "2016.10.15"]
[EventType "swiss"]
[EventRounds "9"]
[EventCountry "RUS"]

1. Nf3 Nf6 2. c4 c6 3. Nc3 d5 4. d4 dxc4 5. a4 Bf5 6. e3 Nbd7 7. Bxc4 e6 8. O-O
Be7 9. Qe2 O-O 10. Nh4 Bg4 11. f3 Nd5 12. fxg4 Bxh4 13. Nxd5 exd5 14. Bd3 Re8
15. Rf3 Qe7 16. Bd2 Bf6 17. Raf1 Rad8 18. g5 Bxg5 19. Rxf7 Bxe3+ 20. Kh1 Qg5
21. R1f5 Bxd2 22. Rxg5 Bxg5 23. Qh5 Nf6 24. Rxg7+ Kxg7 25. Qxg5+ Kf7 26. h3
Re1+ 27. Kh2 Rg8 28. Qf4 h5 29. b4 Rg7 30. Qb8 Re7 31. b5 cxb5 32. axb5 b6 33.
Qf4 Re6 34. Qf3 Kg8 35. Bf5 Re1 36. Qf2 Ree7 37. Bc8 Ne4 38. Qf5 Rg5 39. Qf4
Reg7 40. Be6+ Kh7 41. Bf5+ Kh6 42. Bxe4 dxe4 43. h4 1-0

[Event "Chigorin Memorial"]
[Site "St Petersburg"]
[Date "2016.10.17"]
[Round "3.141"]
[White "Rudikov, Dmitry"]
[Black "Svidinsky, Dmitry"]
[Result "0-1"]
[WhiteElo "1823"]
[BlackElo "2099"]
[PlyCount "72"]
[EventDate "2016.10.15"]
[EventType "swiss"]
[EventRounds "9"]
[EventCountry "RUS"]

1. d4 Nf6 2. c4 e6 3. g3 d5 4. Bg2 Bb4+ 5. Bd2 Be7 6. Nf3 O-O 7. O-O c6 8. Qc2
Nbd7 9. Rd1 b6 10. Nc3 Ba6 11. Ne5 Nxe5 12. dxe5 Nd7 13. cxd5 cxd5 14. Qa4 Bc4
15. f4 b5 16. Qc2 b4 17. Na4 Bxe2 18. Re1 Rc8 19. Qb3 Bc4 20. Qf3 Bb5 21. b3
Rc2 22. Be3 Qa5 23. Bd4 Bxa4 24. bxa4 Bc5 25. Bxc5 Qxc5+ 26. Kh1 Rc8 27. Rf1 a5
28. h4 Qc4 29. h5 Qe2 30. Qxe2 Rxe2 31. Rfc1 Rec2 32. Rxc2 Rxc2 33. Bf3 g6 34.
hxg6 hxg6 35. Bd1 Rc3 36. Kg2 Nc5 0-1

[Event "Chigorin Memorial"]
[Site "St Petersburg"]
[Date "2016.10.17"]
[Round "3.142"]
[White "Lavrinovitsh, Denis"]
[Black "Vorobyova, Valeriya"]
[Result "1/2-1/2"]
[WhiteElo "2081"]
[BlackElo "1830"]
[PlyCount "131"]
[EventDate "2016.10.15"]
[EventType "swiss"]
[EventRounds "9"]
[EventCountry "RUS"]

1. e4 c5 2. c4 Nc6 3. Nc3 g6 4. g3 Bg7 5. Bg2 Nf6 6. Nge2 d6 7. d3 Bg4 8. f3
Bd7 9. Be3 a6 10. O-O Rb8 11. d4 cxd4 12. Nxd4 Ne5 13. Qe2 Rc8 14. b3 b5 15. h3
bxc4 16. f4 cxb3 17. fxe5 dxe5 18. Nxb3 Rxc3 19. Qd2 Rc8 20. Qb2 O-O 21. Rfd1
Qc7 22. Rac1 Qb8 23. Qa3 Bc6 24. Qxa6 Bxe4 25. Bf1 Rxc1 26. Rxc1 Nd5 27. Bc5
Qa8 28. Qe2 f5 29. Kh2 Rc8 30. Bg1 Rxc1 31. Nxc1 Qc6 32. Nb3 e6 33. Nc5 Nf6 34.
Qb2 h6 35. a4 f4 36. a5 Bd5 37. Qb6 fxg3+ 38. Kxg3 Nh5+ 39. Kh2 Qe8 40. Be3 Qf7
41. Bg2 Nf4 42. Bf1 Qf5 43. Qb2 Bf8 44. a6 e4 45. Qb8 Nd3 46. Bg2 Ne1 47. Bxh6
Nxg2 48. Nd7 Qf2 49. Qxf8+ Qxf8 50. Bxf8 e3 51. Bb4 e2 52. Nb6 Be4 53. a7 e1=Q
54. Bxe1 Nxe1 55. a8=Q+ Bxa8 56. Nxa8 Kf7 57. Kg3 Nc2 58. Nb6 Nd4 59. Nc4 Kf6
60. Kf4 Ne2+ 61. Kf3 Nd4+ 62. Kf4 Nf5 63. Ke4 g5 64. Kf3 e5 65. Ke4 Ng3+ 66.
Kf3 1/2-1/2

[Event "Chigorin Memorial"]
[Site "St Petersburg"]
[Date "2016.10.17"]
[Round "3.143"]
[White "Yun, Vyacheslav"]
[Black "Zaika, Daniil"]
[Result "1-0"]
[WhiteElo "1766"]
[BlackElo "2038"]
[PlyCount "55"]
[EventDate "2016.10.15"]
[EventType "swiss"]
[EventRounds "9"]
[EventCountry "RUS"]

1. e4 e6 2. c4 c6 3. Nc3 d5 4. exd5 exd5 5. cxd5 cxd5 6. d4 Nc6 7. Bb5 Bb4 8.
Nf3 Nge7 9. O-O O-O 10. h3 Bf5 11. Bg5 f6 12. Bf4 Bxc3 13. bxc3 Na5 14. Re1 Rc8
15. Nh4 Be4 16. f3 Ng6 17. fxe4 Nxh4 18. Qg4 f5 19. exf5 Nxf5 20. Re5 g6 21.
Rae1 Nc6 22. Re6 Qa5 23. Bd3 Qxc3 24. Bxf5 Rxf5 25. Rxg6+ hxg6 26. Qxg6+ Kh8
27. Qh6+ Kg8 28. Qe6+ 1-0

[Event "Chigorin Memorial"]
[Site "St Petersburg"]
[Date "2016.10.17"]
[Round "3.144"]
[White "Petrochenko, Maria"]
[Black "Andrijashkin, Deniss"]
[Result "1-0"]
[WhiteElo "2037"]
[BlackElo "1661"]
[PlyCount "61"]
[EventDate "2016.10.15"]
[EventType "swiss"]
[EventRounds "9"]
[EventCountry "RUS"]

1. d4 Nf6 2. c4 g6 3. g3 Bg7 4. Bg2 d6 5. Nc3 O-O 6. Nf3 Bf5 7. O-O Nc6 8. Nh4
Bd7 9. Nf3 Rb8 10. d5 Na5 11. Qd3 c5 12. e4 a6 13. a4 Qc7 14. Bf4 b5 15. axb5
axb5 16. cxb5 c4 17. Qc2 Nb3 18. Ra4 Rfc8 19. e5 Nh5 20. exd6 exd6 21. Be3 Bf5
22. Qd1 Ra8 23. b6 Qd7 24. Ra7 Rxa7 25. bxa7 Qb7 26. Nd2 Bd3 27. Re1 Nd4 28.
Nxc4 Bc2 29. Nxd6 Qa8 30. Qd2 Rxc3 31. bxc3 1-0